Geometrické špecifikácie výrobkov (GPS). STN 01 4201. EN ISO 286-1 : Sústava pravidiel ISO na tolerovanie dĺžkových rozmerov. Časť 1: Základné ustanovenia na tolerancie, odchýlky a uloženia. Október 2010

Guardado en:
Detalles Bibliográficos
Formato: Libro
Lenguaje:eslovaco
Publicado: Bratislava : Slovenský ústav technickej normalizácie, 2010
Materias:
Etiquetas: Agregar Etiqueta
Sin Etiquetas, Sea el primero en etiquetar este registro!

MARC

LEADER 00000nam a22000003a 4500
001 stu254858
005 20150408165046.5
008 120926s2010----xo------------------slo-d
040 |a STU  |b slo 
041 0 |a slo 
044 |a xo 
245 |a Geometrické špecifikácie výrobkov (GPS). STN 01 4201. EN ISO 286-1 :  |b Sústava pravidiel ISO na tolerovanie dĺžkových rozmerov. Časť 1: Základné ustanovenia na tolerancie, odchýlky a uloženia. Október 2010 
260 |a Bratislava :  |b Slovenský ústav technickej normalizácie,  |c 2010 
300 |a 44 s 
500 |a Táto norma nahrádza STN EN 20286-1 z novembra 2001 v celom rozsahu 
650 7 |a výrobky-geometrické špecifikácie  |2 stusub 
996 |b 284M081434  |c M*N-1517-1  |l MMKN  |s A  |a 24  |w stu254858_0001